[Event "47. Torneo Villa de Mislata - Torneo A"]
[Site "Mislata ESP"]
[Date "2013.08.15"]
[Round "5.7"]
[White "Cano Cabanillas, Javier"]
[Black "Laliena Solanes, Luis"]
[Result "0-1"]
[WhiteElo "2010"]
[BlackElo "2162"]
[PlyCount "92"]
[EventDate "2013.08.12"]
[EventType "swiss"]
[EventRounds "9"]
[EventCountry "ESP"]
[Source "lmi"]
[SourceDate "2013.08.12"]

1. e4 c6 2. d4 d5 3. Nc3 dxe4 4. Nxe4 Nf6 5. Nxf6+ gxf6 6. c3 Nd7 7. Nf3 Nb6 8.
g3 Bg4 9. Bg2 Qd7 10. h3 Bf5 11. Nh4 Be6 12. Qh5 O-O-O 13. a4 Bc4 14. a5 Nd5
15. Qf5 e6 16. Qc2 e5 17. Qf5 exd4 18. Bxd5 Re8+ 19. Kd1 Qxf5 20. Nxf5 Bxd5 21.
Re1 Bb3+ 22. Kd2 dxc3+ 23. bxc3 Bc5 24. Rxe8+ Rxe8 25. Ba3 Rd8+ 26. Kc1 Bxa3+
27. Rxa3 Be6 28. Nd4 Bxh3 29. a6 Be6 30. axb7+ Kxb7 31. Rxa7+ Kxa7 32. Nxc6+
Kb6 33. Nxd8 Bc4 34. g4 Kc7 35. Nxf7 Bxf7 36. Kc2 Kd6 37. f4 Kc5 38. Kd3 Bg6+
39. f5 Bf7 40. Ke3 Kc4 41. Kd2 Bd5 42. Ke3 Kxc3 43. Kf4 h6 44. Kg3 Kd4 45. Kh4
Ke5 46. Kh5 Bf3 0-1

[Event "47. Torneo Villa de Mislata - Torneo A"]
[Site "Mislata ESP"]
[Date "2013.08.15"]
[Round "5.8"]
[White "Saenz Narciso, Miguel Angel"]
[Black "Pena Riasco, Alexander"]
[Result "1-0"]
[WhiteElo "2206"]
[BlackElo "2121"]
[PlyCount "65"]
[EventDate "2013.08.12"]
[EventType "swiss"]
[EventRounds "9"]
[EventCountry "ESP"]
[Source "lmi"]
[SourceDate "2013.08.12"]

1. e4 d5 2. exd5 Qxd5 3. Nc3 Qa5 4. Bc4 Nf6 5. Nge2 e5 6. d3 c6 7. Bd2 Qc7 8.
O-O Bc5 9. Ng3 Nbd7 10. Nce4 Nxe4 11. Nxe4 Be7 12. Qg4 g6 13. Qf3 f5 14. Ng5
Bxg5 15. Bxg5 h6 16. Bd2 b6 17. d4 Bb7 18. dxe5 O-O-O 19. Qc3 Nc5 20. f3 Kb8
21. b3 g5 22. Be3 Qe7 23. Rad1 f4 24. Bf2 h5 25. e6 g4 26. Qe5+ Ka8 27. Bxc5
bxc5 28. Rxd8+ Rxd8 29. fxg4 hxg4 30. Qxf4 Qg7 31. Qf6 Qc7 32. e7 Re8 33. Qf8
1-0

[Event "47. Torneo Villa de Mislata - Torneo A"]
[Site "Mislata ESP"]
[Date "2013.08.15"]
[Round "5.9"]
[White "Cebrian Flores, Juan Antonio"]
[Black "Rebole Arbea, Jose Ignacio"]
[Result "0-1"]
[WhiteElo "1988"]
[BlackElo "2187"]
[PlyCount "106"]
[EventDate "2013.08.12"]
[EventType "swiss"]
[EventRounds "9"]
[EventCountry "ESP"]
[Source "lmi"]
[SourceDate "2013.08.12"]

1. e4 c5 2. Nf3 Nc6 3. d4 cxd4 4. Nxd4 e5 5. Nb5 d6 6. N1c3 a6 7. Na3 Be7 8.
Nc4 b5 9. Ne3 Bg5 10. Ncd5 Nge7 11. g3 O-O 12. Bg2 Nxd5 13. Nxd5 Bxc1 14. Rxc1
Qa5+ 15. c3 b4 16. O-O bxc3 17. bxc3 Rb8 18. f4 Qxa2 19. Rf2 Qc4 20. f5 f6 21.
g4 Qc5 22. Qd2 a5 23. Qe3 Qxe3 24. Nxe3 Ba6 25. Bf1 Bxf1 26. Kxf1 Kf7 27. Nc4
Ke7 28. Ra2 Rb5 29. Rca1 Ra8 30. Ke2 Ra7 31. Ne3 Rab7 32. Nc4 Rc5 33. Ne3 Kd7
34. Kd2 Rb3 35. Rc2 Ne7 36. h4 d5 37. exd5 Nxd5 38. Nxd5 Rxd5+ 39. Ke3 Rd4 40.
Rxa5 Rxg4 41. h5 h6 42. Ra6 Kc7 43. Kf3 Rf4+ 44. Ke3 Rxf5 45. Ke4 Rxh5 46. Kd5
Rb5+ 47. Ke6 e4 48. Kf7 Rhg5 49. c4 Rb6 50. Ra3 f5 51. c5 Rf6+ 52. Ke7 f4 53.
Ra7+ Kc8 0-1

[Event "47. Torneo Villa de Mislata - Torneo A"]
[Site "Mislata ESP"]
[Date "2013.08.15"]
[Round "5.10"]
[White "Jordan Martinez, Miguel"]
[Black "Uran Bermudez, Oliver Kevin"]
[Result "1-0"]
[WhiteElo "2172"]
[BlackElo "2103"]
[PlyCount "77"]
[EventDate "2013.08.12"]
[EventType "swiss"]
[EventRounds "9"]
[EventCountry "ESP"]
[Source "lmi"]
[SourceDate "2013.08.12"]

1. e4 d5 2. exd5 Nf6 3. Bb5+ Bd7 4. Be2 Nxd5 5. d4 e6 6. Nf3 c5 7. c4 Nb6 8. d5
exd5 9. cxd5 Bf5 10. Nc3 Bd6 11. Bg5 f6 12. Be3 O-O 13. a4 N8d7 14. a5 Nc8 15.
O-O Ne5 16. Nxe5 fxe5 17. f3 Ne7 18. Bd3 Bxd3 19. Qxd3 Nf5 20. Ne4 c4 21. Qe2
Qc7 22. Kh1 h6 23. Rfc1 Nxe3 24. Qxe3 b5 25. b3 Rfc8 26. bxc4 bxc4 27. Ra4 Rab8
28. h3 Bb4 29. Ra2 Bxa5 30. Rac2 Bb6 31. Qe2 Qd7 32. Rxc4 Bd4 33. d6 Rd8 34.
Qe1 Qf5 35. Qa5 Bb6 36. Qd5+ Kh7 37. Rd1 Rd7 38. Qe6 Bd4 39. Nf6+ 1-0

[Event "47. Torneo Villa de Mislata - Torneo A"]
[Site "Mislata ESP"]
[Date "2013.08.15"]
[Round "5.11"]
[White "Gonzalez Aguirre, Luis"]
[Black "Ortega Lopez, Mikel"]
[Result "1-0"]
[WhiteElo "2151"]
[BlackElo "1988"]
[PlyCount "93"]
[EventDate "2013.08.12"]
[EventType "swiss"]
[EventRounds "9"]
[EventCountry "ESP"]
[Source "lmi"]
[SourceDate "2013.08.12"]

1. Nf3 Nf6 2. c4 e6 3. Nc3 Be7 4. d4 d5 5. Bg5 c6 6. e3 Nbd7 7. cxd5 exd5 8.
Qc2 Nf8 9. Bd3 h6 10. Bh4 Ne6 11. O-O O-O 12. Ne5 Nd7 13. Bxe7 Qxe7 14. f4 Nxe5
15. fxe5 Bd7 16. Rf3 Ng5 17. Rg3 f6 18. exf6 Rxf6 19. Ne2 Ne6 20. Bh7+ Kh8 21.
Bf5 Raf8 22. Bxe6 Bxe6 23. Nf4 Bf5 24. Qxf5 Rxf5 25. Ng6+ Kh7 26. Nxe7 R5f7 27.
Rf3 Rxf3 28. gxf3 g6 29. Kf2 Re8 30. Nxd5 cxd5 31. Rc1 Re7 32. Rc5 Rd7 33. Ke2
Kg7 34. Kd3 g5 35. e4 dxe4+ 36. fxe4 Kf6 37. Rc8 h5 38. Rf8+ Ke7 39. Rf5 Rc7
40. Rxg5 Rc1 41. Rxh5 Rd1+ 42. Kc4 Rd2 43. Rh7+ Ke6 44. Rxb7 Rxh2 45. Rxa7 Rxb2
46. Ra6+ Kd7 47. a4 1-0

[Event "47. Torneo Villa de Mislata - Torneo A"]
[Site "Mislata ESP"]
[Date "2013.08.15"]
[Round "5.12"]
[White "Rubio Tent, Francisco"]
[Black "Guillem Mora, Carlos"]
[Result "1-0"]
[WhiteElo "2150"]
[BlackElo "1903"]
[PlyCount "139"]
[EventDate "2013.08.12"]
[EventType "swiss"]
[EventRounds "9"]
[EventCountry "ESP"]
[Source "lmi"]
[SourceDate "2013.08.12"]

1. e4 c5 2. Nf3 g6 3. d4 Bg7 4. Nc3 cxd4 5. Nxd4 Nc6 6. Nb3 Nf6 7. Bc4 O-O 8.
O-O a5 9. a4 Nb4 10. e5 Ne8 11. Bf4 Kh8 12. Nb5 f6 13. Qe2 fxe5 14. Bxe5 Bxe5
15. Qxe5+ Nf6 16. c3 Nc6 17. Qg5 d6 18. Rad1 Ne5 19. Be2 Bf5 20. N3d4 Ne4 21.
Qe3 Nc5 22. Nxf5 Rxf5 23. Nd4 Rf6 24. f4 Nc6 25. Nxc6 bxc6 26. Qd4 Rb8 27. f5
gxf5 28. Rxf5 Ne6 29. Qf2 Rxf5 30. Qxf5 Ng7 31. Qf7 Rxb2 32. Rf1 Rb8 33. Bd3
Qe8 34. Qf4 e5 35. Qh4 Qg8 36. Qe4 Nh5 37. Bc4 Qg6 38. Qxc6 Nf4 39. Kh1 d5 40.
Bxd5 Qxc6 41. Bxc6 Rc8 42. Bb5 Rxc3 43. g3 Nd3 44. Bxd3 Rxd3 45. Rf8+ Kg7 46.
Ra8 Rd5 47. Ra6 e4 48. Kg1 Rc5 49. Kf2 Kf7 50. Ke3 Rc3+ 51. Kxe4 Rc4+ 52. Kf5
Rc5+ 53. Kg4 Rc4+ 54. Kg5 Rxa4 55. Ra7+ Kg8 56. Kf6 h5 57. Kg6 Kf8 58. Kxh5 Ra2
59. h4 a4 60. g4 a3 61. g5 Ra1 62. Kg6 a2 63. h5 Rb1 64. Ra8+ Ke7 65. Rxa2 Rb6+
66. Kg7 Rb5 67. Re2+ Kd6 68. Kf6 Kd7 69. h6 Rb6+ 70. Kg7 1-0

[Event "47. Torneo Villa de Mislata - Torneo A"]
[Site "Mislata ESP"]
[Date "2013.08.15"]
[Round "5.13"]
[White "Martin Capitan, Feliciano"]
[Black "Cabero Feliciano, Guillermo"]
[Result "0-1"]
[WhiteElo "2105"]
[BlackElo "2072"]
[PlyCount "69"]
[EventDate "2013.08.12"]
[EventType "swiss"]
[EventRounds "9"]
[EventCountry "ESP"]
[Source "lmi"]
[SourceDate "2013.08.12"]

1. e4 e6 2. d4 d5 3. e5 c5 4. c3 Qb6 5. a3 Nc6 6. Nf3 f6 7. Bd3 Bd7 8. O-O fxe5
9. dxe5 O-O-O 10. b4 Nh6 11. Bg5 Re8 12. bxc5 Bxc5 13. Nbd2 Ng4 14. Rb1 Bxf2+
15. Kh1 Qc7 16. Nd4 Ncxe5 17. Bb5 h5 18. Bf4 Ref8 19. Bxd7+ Qxd7 20. Bxe5 Nxe5
21. N2b3 Ng4 22. Qe2 Qd6 23. Qxe6+ Qxe6 24. Nxe6 Rf6 25. Ned4 Rhf8 26. Nf3 Be3
27. h3 Nf2+ 28. Kh2 Ne4 29. Rfd1 g5 30. Rd3 Bf2 31. Ne5 Re8 32. Rxd5 Bg3+ 33.
Kg1 Bxe5 34. Nc5 Nxc3 35. Re1 0-1

[Event "47. Torneo Villa de Mislata - Torneo A"]
[Site "Mislata ESP"]
[Date "2013.08.15"]
[Round "5.14"]
[White "Ferreruela Romero, Jose Joaquin"]
[Black "Nieves Cabanes, Jose Manuel"]
[Result "0-1"]
[WhiteElo "2022"]
[BlackElo "2048"]
[PlyCount "100"]
[EventDate "2013.08.12"]
[EventType "swiss"]
[EventRounds "9"]
[EventCountry "ESP"]
[Source "lmi"]
[SourceDate "2013.08.12"]

1. d4 Nf6 2. c4 e6 3. Nc3 Bb4 4. Qc2 d5 5. a3 Bxc3+ 6. Qxc3 O-O 7. Bg5 b6 8. e3
Bb7 9. cxd5 exd5 10. Bxf6 gxf6 11. Nf3 Nd7 12. b4 c5 13. bxc5 bxc5 14. Bd3 c4
15. Bb1 Re8 16. O-O Nf8 17. Ra2 Qd7 18. Re1 Ng6 19. Bc2 Bc6 20. Rb2 Kh8 21.
Reb1 Rg8 22. Bd1 Qd6 23. h4 Ne7 24. Qb4 Qe6 25. Nh2 Nc8 26. Qc5 Nb6 27. Rb4 Nd7
28. Qa5 Qh3 29. Bg4 Rxg4 30. Nxg4 Qxg4 31. Qc7 Qe6 32. h5 h6 33. a4 a5 34. Rb5
Bxb5 35. Rxb5 Kg7 36. Rb7 Nf8 37. Rb6 Qg4 38. f3 Qxh5 39. Qc6 Ra7 40. Qxf6+ Kg8
41. Rb8 Qg5 42. Qd6 Qxe3+ 43. Kh2 Qe7 44. Qg3+ Kh7 45. f4 Ng6 46. Kg1 Qe4 47.
f5 Qxf5 48. Qd6 Re7 49. Qd8 Re1+ 50. Kh2 Qf4+ 0-1

[Event "47. Torneo Villa de Mislata - Torneo A"]
[Site "Mislata ESP"]
[Date "2013.08.15"]
[Round "5.15"]
[White "Ribera Cebolla, Marc"]
[Black "Garcia De Lomas Guerrero, Carlos"]
[Result "1/2-1/2"]
[WhiteElo "2029"]
[BlackElo "2013"]
[PlyCount "108"]
[EventDate "2013.08.12"]
[EventType "swiss"]
[EventRounds "9"]
[EventCountry "ESP"]
[Source "lmi"]
[SourceDate "2013.08.12"]

1. e4 e6 2. d4 d5 3. Bd3 dxe4 4. Bxe4 Nf6 5. Bg5 c5 6. Ne2 Nc6 7. Be3 Qb6 8.
Nbc3 cxd4 9. Nxd4 Nxd4 10. Qxd4 Qxd4 11. Bxd4 Be7 12. Nb5 Bb4+ 13. c3 Ba5 14.
b4 Bd8 15. Nd6+ Kf8 16. Nxb7 Bxb7 17. Bxb7 Rb8 18. Bc6 Bb6 19. Rd1 Ke7 20. O-O
Bxd4 21. Rxd4 Rhc8 22. b5 Nd5 23. a4 a6 24. c4 Nc3 25. Rd7+ Kf6 26. Ra1 Nxa4
27. Bb7 Rxc4 28. bxa6 Nc5 29. Rc7 Nxa6 30. Rxc4 Rxb7 31. g3 Nc7 32. Kg2 Nd5 33.
h4 Rc7 34. Rca4 Rb7 35. g4 Rb4 36. Rxb4 Nxb4 37. Ra7 Nd5 38. Kg3 g6 39. Kf3 Kg7
40. Ke4 Kf6 41. Ra3 Ne7 42. Rh3 h6 43. h5 g5 44. Rf3+ Kg7 45. Ke5 Nd5 46. Ra3
Nf4 47. f3 Nd5 48. Ra7 Nf4 49. Rd7 Ne2 50. Ra7 Nf4 51. Kd6 Nd5 52. Ra5 Nf4 53.
Rb5 Kg8 54. Kd7 Nd5 1/2-1/2

[Event "47. Torneo Villa de Mislata - Torneo A"]
[Site "Mislata ESP"]
[Date "2013.08.15"]
[Round "5.16"]
[White "Jordan Arenas, Manuel"]
[Black "Garcia Sancho, Josep"]
[Result "1-0"]
[WhiteElo "2114"]
[BlackElo "1735"]
[PlyCount "93"]
[EventDate "2013.08.12"]
[EventType "swiss"]
[EventRounds "9"]
[EventCountry "ESP"]
[Source "lmi"]
[SourceDate "2013.08.12"]

1. d4 Nf6 2. c4 g6 3. Nc3 d5 4. Bf4 Bg7 5. e3 O-O 6. Rc1 c6 7. Nf3 Nbd7 8. cxd5
cxd5 9. Bd3 Nb6 10. Nb5 Bg4 11. Bc7 Bxf3 12. Qxf3 Qd7 13. Bxb6 axb6 14. Nc3
Rfc8 15. O-O e6 16. Rc2 Ne8 17. Bb5 Qe7 18. Bxe8 Qxe8 19. Rfc1 Bf8 20. Qe2 Rc4
21. b3 Rc6 22. Nb5 Rac8 23. Na7 Rxc2 24. Rxc2 Rxc2 25. Qxc2 Qd7 26. a4 Bd6 27.
Nb5 Bb8 28. Qc3 Qc6 29. Kf1 Kf8 30. Qb4+ Ke8 31. g3 Qc1+ 32. Kg2 Qc6 33. Qa3 e5
34. Qb4 e4 35. Nc3 Kd7 36. Qf8 Qxc3 37. Qxb8 Qc8 38. Qe5 Kc6 39. b4 Qe6 40. b5+
Kd7 41. Qb8 Qg4 42. Qxb7+ Ke8 43. Qxd5 Qf3+ 44. Kh3 h5 45. Qe5+ Kd7 46. Qf4 g5
47. Qxg5 1-0

[Event "47. Torneo Villa de Mislata - Torneo A"]
[Site "Mislata ESP"]
[Date "2013.08.15"]
[Round "5.17"]
[White "Sanchiz Marti, Josep Miquel"]
[Black "Gimenez Ruiz, Jesus"]
[Result "1-0"]
[WhiteElo "2047"]
[BlackElo "1755"]
[PlyCount "83"]
[EventDate "2013.08.12"]
[EventType "swiss"]
[EventRounds "9"]
[EventCountry "ESP"]
[Source "lmi"]
[SourceDate "2013.08.12"]

1. d4 d5 2. c4 c6 3. Nf3 Nf6 4. Nc3 e6 5. Bg5 Be7 6. e3 Nbd7 7. Bd3 b6 8. O-O
O-O 9. Qe2 Bb7 10. b3 Ne8 11. Bxe7 Qxe7 12. e4 dxe4 13. Bxe4 Nef6 14. Bc2 Rfe8
15. Rfe1 Qf8 16. Ne5 Nxe5 17. dxe5 Nd7 18. Rad1 Red8 19. Rd4 Qe7 20. Qd3 Nf8
21. Rd1 Rxd4 22. Qxd4 c5 23. Qd2 Bc6 24. Be4 Bxe4 25. Nxe4 h6 26. Nd6 Ng6 27.
f4 Rd8 28. Nf5 Rxd2 29. Nxe7+ Nxe7 30. Rxd2 Nc6 31. Rd7 a6 32. Kf2 b5 33. cxb5
axb5 34. Rb7 Nd4 35. Rc7 c4 36. bxc4 b4 37. Rb7 Nc2 38. c5 Kf8 39. c6 Ke8 40.
Rxf7 Kd8 41. Rxg7 Nd4 42. Rd7+ 1-0

[Event "47. Torneo Villa de Mislata - Torneo A"]
[Site "Mislata ESP"]
[Date "2013.08.15"]
[Round "5.18"]
[White "Morant Amezaga, Elies"]
[Black "Gomez Sanjuan, Hector Fernando"]
[Result "1-0"]
[WhiteElo "2022"]
[BlackElo "1711"]
[PlyCount "61"]
[EventDate "2013.08.12"]
[EventType "swiss"]
[EventRounds "9"]
[EventCountry "ESP"]
[Source "lmi"]
[SourceDate "2013.08.12"]

1. d4 Nf6 2. c4 e6 3. Nc3 c5 4. Nf3 a6 5. e4 cxd4 6. Nxd4 d6 7. Be2 Be7 8. O-O
Nbd7 9. b4 O-O 10. Rb1 Qc7 11. Qb3 b6 12. Be3 Bb7 13. f3 Rac8 14. Rfc1 Rfd8 15.
Na4 Ba8 16. c5 b5 17. Nb6 Nxb6 18. cxb6 Qb7 19. a4 bxa4 20. Qxa4 Qxb6 21. Nf5
Rxc1+ 22. Rxc1 Qb7 23. Bxa6 Qd7 24. Bb5 Qb7 25. Bc6 Qb8 26. Nxe7+ Kf8 27. Bxa8
Qxa8 28. Qxa8 Rxa8 29. Nc6 d5 30. e5 Nd7 31. b5 1-0

[Event "47. Torneo Villa de Mislata - Torneo A"]
[Site "Mislata ESP"]
[Date "2013.08.15"]
[Round "5.19"]
[White "Moreno Vicente, Jesus Miguel"]
[Black "Gonzalez Santamartina, Jorge"]
[Result "0-1"]
[WhiteElo "1801"]
[BlackElo "1891"]
[PlyCount "132"]
[EventDate "2013.08.12"]
[EventType "swiss"]
[EventRounds "9"]
[EventCountry "ESP"]
[Source "lmi"]
[SourceDate "2013.08.12"]

1. e4 e5 2. Nf3 Nc6 3. Bb5 a6 4. Ba4 Nf6 5. d3 b5 6. Bb3 Be7 7. c3 d6 8. O-O
O-O 9. Nbd2 Na5 10. Bc2 c5 11. Re1 Nc6 12. Nf1 Re8 13. Ng3 h6 14. h3 Bf8 15. d4
cxd4 16. cxd4 Qc7 17. d5 Ne7 18. Be3 Ng6 19. Rc1 Qb7 20. Bb3 Bd7 21. Qd2 Rec8
22. Qa5 Be7 23. h4 Bg4 24. Nf5 Nxe4 25. Nxe7+ Qxe7 26. Rxc8+ Bxc8 27. g3 Nf6
28. Rc1 Ne8 29. a4 Bd7 30. Bd2 f5 31. axb5 Bxb5 32. Bc4 Bxc4 33. Rxc4 Qb7 34.
Bc3 Ne7 35. Nxe5 dxe5 36. d6 Nc8 37. Qxe5 Ncxd6 38. Rb4 Qf7 39. Rf4 Ra7 40. g4
Re7 41. Qa5 Re4 42. Rxe4 Nxe4 43. gxf5 Nxc3 44. bxc3 Qf6 45. c4 Nd6 46. Qd5+
Kh7 47. c5 Nxf5 48. Qe4 Kg8 49. Qe8+ Kh7 50. Qe4 Kg8 51. Qe8+ Qf8 52. Qe6+ Kh8
53. c6 Ne7 54. c7 a5 55. Qd7 Nc8 56. Qd8 Kg8 57. Qd5+ Kh8 58. Qd8 Kg8 59. Qd5+
Kh7 60. Qd8 Qf5 61. h5 a4 62. Qd4 a3 63. Qa4 Qb1+ 64. Kg2 a2 65. Qa6 a1=Q 66.
Qxc8 Qe4+ 0-1

[Event "47. Torneo Villa de Mislata - Torneo A"]
[Site "Mislata ESP"]
[Date "2013.08.15"]
[Round "6.2"]
[White "Cruz Lledo, Pablo"]
[Black "Castella Garcia, Fausto"]
[Result "1/2-1/2"]
[WhiteElo "2271"]
[BlackElo "2338"]
[PlyCount "100"]
[EventDate "2013.08.12"]
[EventType "swiss"]
[EventRounds "9"]
[EventCountry "ESP"]
[Source "lmi"]
[SourceDate "2013.08.12"]

1. d4 Nf6 2. Nf3 g6 3. c4 Bg7 4. Nc3 O-O 5. Bg5 d6 6. e3 c6 7. Be2 a6 8. O-O
Nbd7 9. a4 a5 10. Qc2 Nb8 11. Rad1 Na6 12. b3 Nb4 13. Qb2 Bf5 14. Nd2 h6 15.
Bh4 d5 16. f3 g5 17. Bf2 c5 18. dxc5 Bc2 19. Rc1 Bd3 20. Ndb1 dxc4 21. bxc4 Qc7
22. e4 Nd7 23. Qd2 Bxb1 24. Rxb1 Nxc5 25. Nd5 Nxd5 26. Qxd5 b6 27. Bxc5 bxc5
28. Rfd1 Bd4+ 29. Kh1 e6 30. Qb7 Qf4 31. Qb3 h5 32. g3 Qe5 33. Rf1 Rad8 34. Qc2
Be3 35. Rfd1 h4 36. Kg2 Kg7 37. Rb3 Bd4 38. Rf1 hxg3 39. hxg3 Rh8 40. f4 Qf6
41. fxg5 Qxg5 42. Rf4 Kf8 43. Rg4 Qe5 44. Qc1 Ke7 45. Rb7+ Rd7 46. Qb1 Rhd8 47.
Rf4 Qd6 48. Bh5 Bf6 49. Rf2 Qe5 50. Bf3 Qh5 1/2-1/2

[Event "47. Torneo Villa de Mislata - Torneo A"]
[Site "Mislata ESP"]
[Date "2013.08.15"]
[Round "6.3"]
[White "Picazo Lopez, Juan Antonio"]
[Black "Carrascoso Morales, Abel"]
[Result "0-1"]
[WhiteElo "2200"]
[BlackElo "2288"]
[PlyCount "76"]
[EventDate "2013.08.12"]
[EventType "swiss"]
[EventRounds "9"]
[EventCountry "ESP"]
[Source "lmi"]
[SourceDate "2013.08.12"]

1. d4 Nf6 2. c4 g6 3. Nc3 Bg7 4. e4 d6 5. Be2 O-O 6. Be3 a6 7. g4 c5 8. d5 b5
9. g5 Nfd7 10. cxb5 axb5 11. Bxb5 Qa5 12. Nge2 Ba6 13. Bxa6 Nxa6 14. O-O Rfb8
15. Qc1 Ne5 16. Rd1 Nb4 17. b3 Qa6 18. Kg2 Ng4 19. Bf4 Nd3 20. Qd2 Ngxf2 21.
Rf1 Ng4 22. Rad1 Nge5 23. Nc1 Nxf4+ 24. Rxf4 Rb4 25. Qe2 Qa5 26. Rf2 Rc8 27.
Na4 c4 28. Nb2 c3 29. Nbd3 Rd4 30. Nxe5 Rxd1 31. Nc6 Rxc6 32. Qxd1 Rc8 33. Rc2
e6 34. dxe6 Qxg5+ 35. Kh1 fxe6 36. Qd3 Rf8 37. b4 Bd4 38. Qg3 Rf1+ 0-1

[Event "47. Torneo Villa de Mislata - Torneo A"]
[Site "Mislata ESP"]
[Date "2013.08.15"]
[Round "6.4"]
[White "Buenafe Moya, Javier"]
[Black "Mingarro Carceller, Sergi"]
[Result "0-1"]
[WhiteElo "2229"]
[BlackElo "2195"]
[PlyCount "70"]
[EventDate "2013.08.12"]
[EventType "swiss"]
[EventRounds "9"]
[EventCountry "ESP"]
[Source "lmi"]
[SourceDate "2013.08.12"]

1. c4 Nf6 2. Nc3 e6 3. g3 d5 4. cxd5 exd5 5. d4 c6 6. Bg2 Bd6 7. Nh3 O-O 8. O-O
Re8 9. f3 Bxh3 10. Bxh3 c5 11. Bg5 cxd4 12. Nxd5 Be5 13. f4 Qxd5 14. fxe5 Ne4
15. Bg2 Qxe5 16. Qb3 Nxg5 17. Qxb7 Nd7 18. Qxd7 Rad8 19. Qxa7 Re7 20. Qa3 Qxe2
21. Qa5 Qe3+ 22. Kh1 Rde8 23. Qd5 Re5 24. Qb7 R5e7 25. Qd5 Ne6 26. a4 Rd8 27.
Qa5 d3 28. Rae1 Qd4 29. Re4 Qd6 30. Re5 Nc7 31. Rxe7 Qxe7 32. Bf3 Ne6 33. Qd2
Nc5 34. Bd1 Nxa4 35. Bb3 Qb7+ 0-1

[Event "47. Torneo Villa de Mislata - Torneo A"]
[Site "Mislata ESP"]
[Date "2013.08.15"]
[Round "6.5"]
[White "Fernandez Ayuso, Sergio"]
[Black "Sos Andreu, Eric"]
[Result "0-1"]
[WhiteElo "2043"]
[BlackElo "2229"]
[PlyCount "98"]
[EventDate "2013.08.12"]
[EventType "swiss"]
[EventRounds "9"]
[EventCountry "ESP"]
[Source "lmi"]
[SourceDate "2013.08.12"]

1. Nf3 c5 2. c4 Nc6 3. Nc3 g6 4. g3 Bg7 5. Bg2 Nf6 6. O-O O-O 7. d3 Rb8 8. Rb1
a6 9. Bg5 b5 10. cxb5 axb5 11. Bxf6 exf6 12. d4 b4 13. Ne4 c4 14. Nd6 Ba6 15.
Qc2 b3 16. axb3 cxb3 17. Qd2 Qe7 18. Ra1 Rb6 19. Rxa6 Rxa6 20. Nb5 Qb4 21. Nc3
Rfa8 22. e3 Na5 23. Qe2 Qc4 24. Qd1 Rb8 25. Re1 Qb4 26. Nd2 Ra7 27. Qe2 f5 28.
h4 Qb6 29. Bd5 Rc7 30. Ra1 h5 31. Bf3 Ra7 32. Rb1 Bf8 33. Nd5 Qd6 34. Rc1 Qa6
35. Qd1 Rc8 36. Rb1 Qb5 37. e4 Qd3 38. exf5 Qxf5 39. Ne4 Kh8 40. Ng5 Re8 41.
Rc1 Bh6 42. g4 hxg4 43. Bxg4 Qxd5 44. Rc5 Qa8 45. Nxf7+ Kg7 46. h5 Qe4 47. Ne5
d6 48. Bf3 Qf4 49. Qd3 Qg5+ 0-1

[Event "47. Torneo Villa de Mislata - Torneo A"]
[Site "Mislata ESP"]
[Date "2013.08.15"]
[Round "6.6"]
[White "Laliena Solanes, Luis"]
[Black "Aymerich Rosell, Pablo"]
[Result "1/2-1/2"]
[WhiteElo "2162"]
[BlackElo "2199"]
[PlyCount "91"]
[EventDate "2013.08.12"]
[EventType "swiss"]
[EventRounds "9"]
[EventCountry "ESP"]
[Source "lmi"]
[SourceDate "2013.08.12"]

1. d4 e6 2. Nf3 Nf6 3. Bf4 c5 4. e3 Qb6 5. Qc1 Nc6 6. c3 Nh5 7. Bg5 h6 8. Bh4
d5 9. Be2 Bd7 10. b3 Rc8 11. Qb2 cxd4 12. exd4 Nf4 13. O-O Bd6 14. Bg3 O-O 15.
Re1 Nxe2+ 16. Rxe2 Be7 17. Nbd2 Bf6 18. Rc1 Qa6 19. Ree1 Be7 20. a4 b5 21. Ra1
b4 22. c4 dxc4 23. Nxc4 Na5 24. Nfe5 Bc6 25. Nxc6 Rxc6 26. Nxa5 Qxa5 27. Rac1
Rfc8 28. Rxc6 Rxc6 29. Rc1 Rxc1+ 30. Qxc1 Qd5 31. Qe3 Bc5 32. Kf1 Bxd4 33. Qd3
e5 34. f3 Qc6 35. Be1 Qc1 36. Ke2 a5 37. h4 Qf4 38. g3 Qc1 39. h5 Qg5 40. g4
Qf4 41. Qe4 Qg5 42. Bd2 Qd8 43. Qc6 Bb6 44. Qe4 f6 45. Be3 Bxe3 46. Kxe3
1/2-1/2

[Event "47. Torneo Villa de Mislata - Torneo A"]
[Site "Mislata ESP"]
[Date "2013.08.15"]
[Round "6.7"]
[White "Gonzalez Aguirre, Luis"]
[Black "Saenz Narciso, Miguel Angel"]
[Result "1/2-1/2"]
[WhiteElo "2151"]
[BlackElo "2206"]
[PlyCount "58"]
[EventDate "2013.08.12"]
[EventType "swiss"]
[EventRounds "9"]
[EventCountry "ESP"]
[Source "lmi"]
[SourceDate "2013.08.12"]

1. c4 e5 2. g3 Nf6 3. Bg2 d5 4. cxd5 Nxd5 5. Nc3 Nb6 6. Nf3 Nc6 7. O-O Be7 8.
a3 O-O 9. b4 Be6 10. Rb1 f6 11. d3 Nd4 12. Nd2 c6 13. Nde4 Nd5 14. Bb2 b6 15.
e3 Nf5 16. Qd2 Rc8 17. Ne2 Qe8 18. d4 exd4 19. Nxd4 Nxd4 20. Bxd4 Qh5 21. Rbc1
Rfd8 22. Qb2 Bh3 23. Rfe1 Bxg2 24. Kxg2 Qg6 25. Nc3 c5 26. Nxd5 Qe4+ 27. Kg1
Qxd5 28. Bc3 c4 29. b5 Qf3 1/2-1/2

[Event "47. Torneo Villa de Mislata - Torneo A"]
[Site "Mislata ESP"]
[Date "2013.08.15"]
[Round "6.9"]
[White "Lopez Mulet, Inigo"]
[Black "Jordan Martinez, Miguel"]
[Result "1-0"]
[WhiteElo "2120"]
[BlackElo "2172"]
[PlyCount "81"]
[EventDate "2013.08.12"]
[EventType "swiss"]
[EventRounds "9"]
[EventCountry "ESP"]
[Source "lmi"]
[SourceDate "2013.08.12"]

1. d4 Nf6 2. c4 e5 3. dxe5 Ng4 4. Bf4 g5 5. Bd2 Nxe5 6. Bc3 Bg7 7. e3 O-O 8.
Nf3 Nbc6 9. h4 g4 10. Nxe5 Nxe5 11. Bxe5 Bxe5 12. Qxg4+ Kh8 13. Nc3 Rg8 14. Qe4
d6 15. Qc2 f5 16. g3 Be6 17. O-O-O Qf6 18. Nd5 Qf7 19. Nf4 Rgf8 20. Bd3 a5 21.
h5 Ra6 22. Ng6+ Kg8 23. Nxf8 Kxf8 24. f4 Bh8 25. g4 Rc6 26. b3 Rc5 27. gxf5
Bxf5 28. Bxf5 Rxf5 29. Rd5 Rxd5 30. cxd5 Qxd5 31. Rg1 Qe6 32. Kd2 Qd5+ 33. Ke1
Bf6 34. Qc4 Bh4+ 35. Ke2 Qxh5+ 36. Kd2 d5 37. Qxc7 Be7 38. Qc8+ Kf7 39. Qg8+
Kf6 40. Qg5+ Qxg5 41. Rxg5 1-0

[Event "47. Torneo Villa de Mislata - Torneo A"]
[Site "Mislata ESP"]
[Date "2013.08.15"]
[Round "6.10"]
[White "Nieves Cabanes, Jose Manuel"]
[Black "Sanchez Dengra, Jose Maria"]
[Result "1/2-1/2"]
[WhiteElo "2048"]
[BlackElo "2134"]
[PlyCount "41"]
[EventDate "2013.08.12"]
[EventType "swiss"]
[EventRounds "9"]
[EventCountry "ESP"]
[Source "lmi"]
[SourceDate "2013.08.12"]

1. d4 Nf6 2. c4 e6 3. Nf3 Bb4+ 4. Bd2 Qe7 5. g3 Bxd2+ 6. Nbxd2 Nc6 7. Bg2 d6 8.
O-O O-O 9. Rc1 e5 10. d5 Nb8 11. e4 a5 12. Ne1 c6 13. Nd3 Na6 14. a3 Bd7 15. b4
cxd5 16. cxd5 Bb5 17. Nc4 Rac8 18. Qb3 a4 19. Qa2 Rc7 20. Rc2 Rfc8 21. Rfc1
1/2-1/2

[Event "47. Torneo Villa de Mislata - Torneo A"]
[Site "Mislata ESP"]
[Date "2013.08.15"]
[Round "6.11"]
[White "Gonzalvez Perales, Jose Luis"]
[Black "Cano Cabanillas, Javier"]
[Result "1/2-1/2"]
[WhiteElo "1963"]
[BlackElo "2010"]
[PlyCount "72"]
[EventDate "2013.08.12"]
[EventType "swiss"]
[EventRounds "9"]
[EventCountry "ESP"]
[Source "lmi"]
[SourceDate "2013.08.12"]

1. e4 e6 2. d4 d5 3. Bd3 Nf6 4. e5 Nfd7 5. Nf3 c5 6. c3 Nc6 7. O-O cxd4 8. cxd4
Qb6 9. Bc2 g5 10. Nc3 g4 11. Na4 Qa5 12. Ne1 h5 13. a3 b5 14. b4 Qc7 15. Nc5 a5
16. Rb1 Nxc5 17. bxc5 Ba6 18. Be3 Bh6 19. Bxh6 Rxh6 20. f4 f5 21. exf6 Rxf6 22.
g3 Qg7 23. Rf2 h4 24. Ng2 hxg3 25. hxg3 Rh6 26. Rd2 O-O-O 27. Nh4 Rdh8 28. f5
Qg5 29. Qe2 exf5 30. a4 Rxh4 31. gxh4 Qxh4 32. Qe6+ Kb7 33. Qd7+ Kb8 34. Qd6+
Kb7 35. Qd7+ Kb8 36. Qd6+ Kb7 1/2-1/2